Liens de parenté des rois de France. - Statistiques

Statistiques générales
  • Ce quiz a été pris 595 fois
    96 depuis la dernière actualisation
  • Le résultat moyen est 11 sur 12
Statistiques - réponses
Rois Liens de parenté % Correct
Henri III=>Henri IV Cousin | Beau-frère
93%
Charles IX=>Henri III Frère
91%
Philippe V=>Charles IV Frère
90%
François II=>Charles IX Frère
90%
louis XIV=>Louis XV Arrière-petit-fils
89%
Charles IV=>Philippe VI Cousin
89%
jean Ier=>Philipppe V Oncle
89%
Louis XII=>François Ier Cousin | Gendre
88%
Louis XVIII=>Charles X Frère
88%
louis XV=>Louis XVI Petit-fils
88%
Charles VIII=>Lous XII Cousin
86%
louis XVII=>Louis XVIII Oncle
84%
Aucun quiz correspondant
Distribution des résultats
% des personnes avec chaque résultat
Percentile par nombre de réponses
Votre historique - résultats
Vous n’avez pas pris ce quiz depuis la dernière actualisation